000
00321nam a22001337a 4500
020
_a
978-81-7229-250-8
082
_a
920
_b
MAH/E
100
_a
MAHATHMA GANDHI
245
_a
ENTE JEEVITHA KATHA
246
_a
ENTE JEEVITHA KATHA
_b
ENTE JEEVITHA KATHA
260
_a
AHMEDABAD
_b
NAVAJIVAN
_c
2012
300
_a
114
942
_c
BK
999
_c
8532
_d
8532